000 01890cam a2200457 a 4500
001 advancedwindowsp00hell
003 CaSfIA
005 20210117182106.0
007 cr||||
008 911002s1992 nyua b 001 0 eng
010 _a 91035881
040 _aDLC
_cDLC
_dUKM
_dYDXCP
_dOCLCG
_dJBO
_dCaSfIA
015 _aGB93-22187
019 _a28846826
020 _a0471547115 :
_c$32.95
020 _a9780471547112
020 _a0471551724 (book/disk set)
020 _a9780471551720 (book/disk set)
035 _a(OCoLC)24626890
_z(OCoLC)28846826
050 0 0 _aQA76.76.W56
_bH45 1992
082 0 0 _a005.26/9
_221
100 1 _aHeller, Martin,
_d1951-
245 1 0 _aAdvanced Windows programming /
_h[electronic resource]
_cMartin Heller.
260 _aNew York :
_bJ. Wiley,
_cc1992.
300 _axi, 353 p. :
_bill. (some col.) ;
_c24 cm.
500 _a"Covers Windows 3.1"--Cover.
504 _aIncludes bibliographical references and index.
530 _aAlso issued online.
650 0 _aWindows (Computer programs)
630 0 0 _aMicrosoft Windows (Computer file)
653 0 _aProgramming
856 4 1 _uhttp://www.archive.org/details/advancedwindowsp00hell
_zFree eBook from the Internet Archive
856 4 2 _uhttp://www.openlibrary.org/books/OL1555552M
_zAdditional information and access via Open Library
029 1 _aUKM
_bb9322187
029 1 _aNLGGC
_b087386704
029 1 _aYDXCP
_b419393
999 _c465730
_d465730
942 _cEB
506 _fНеобхідна авторизація на https://archive.org/ (створення облікового запису безкоштовно)
506 _fНеобхідна авторизація на https://openlibrary.org/ (створення облікового запису безкоштовно)